000 00666nam a2200205 i 4500
001 78506
003 ES-MaACL
005 20231227192103.0
007 t|
008 041014s1953 sp ||||1| spa d
100 1 _aHarper, Harold A.
_961882
245 1 0 _aCompendio de Química Fisiológica /
_cHarold A. Harper ; prólogo de F. Grande Covián ; traducción de José Sopeña.
250 _a1ª ed.
260 _aMadrid :
_bMorata,
_c1953 (
_fMontaña)
300 _a373 p. ;
_c23 cm.
700 1 _aGrande Covián, Francisco,
_d1909-1995
_959588
700 0 _aSopeña Boncompte, José.
_9107318
852 _aES-MaACL
_jD-9133
_bR.34435
999 _c78506
_d78506